000 00719cab a2200253 4500
001 ABS57029
008 090401t1997 xxu||||| |||| 00| 0 eng d
035 _a(Sirsi) u98378
041 _aeng
100 _aCundell, I.
245 _aSummary execution
260 _c1997
350 _a0
490 _aProperty Week
_v59(6) 9 May 1997, 28-29(2)
520 _aAdvice on how to write up property research without confusing the masses. Includes examples.
650 _aPROPERTY-COMMERCIAL PROPERTY
650 _aPRESENTATION
650 _aPROPERTY RESEARCH
650 _aRESEARCH
650 _aWRITING
690 _aMANAGEMENT-BUSINESS MANAGEMENT-PROFESSIONAL PRACTICE
942 _n0
948 _c22/05/1997
999 _c59777
_d59777